000 00415nam a22001697a 4500
005 20160521145043.0
008 160521b xxu||||| |||| 00| 0 eng d
020 _a81-8054004-9
041 _aeng
082 _b3849
100 _aGupta S. C.
_9978
245 _aFundamentals of Mathematical Statistics
260 _aNew Delhi
_bSultan Chand & Sons,
300 _aA-42
650 _aManagement
_9241
942 _cBK
999 _c1330
_d1330